00563nam a2200169Ia 450000500170000000800410001702000150005808200130007324500710008626000470015730000130020450000410021770000190025894200060027795200950028399900150037820250122035514.0240331s9999 xx 000 0 und d a8178210312 bRAIa920 0aRainbows on a crying planet :besays in honour of Tissa Balasuriya aTiruvallabChristava sahitya samithyc2004 a259 p ., aEssays in Honour of Tissa Balasuriya aTroch.L. eedt cL 001040708LaWERCLbWERCLcSSCd2024-03-31l0o 920 RAIp5530r2024-03-31w2024-03-31yL c3428d3428